[Event "Rio de Janeiro State-ch"]
[Site "Rio de Janeiro"]
[Date "2008.01.19"]
[Round "1.14"]
[White "Costa, Jorge Moraes"]
[Black "Da Cunha, Fabio Barbosa"]
[Result "0-1"]
[WhiteElo "1908"]
[BlackElo "2142"]
[PlyCount "66"]
[EventDate "2008.01.19"]
[EventType "swiss"]
[EventRounds "7"]
[EventCountry "BRA"]
[SourceTitle "EXT 2022"]
[Source "ChessBase"]
[SourceDate "2021.10.06"]
[SourceVersion "1"]
[SourceVersionDate "2021.10.06"]
[SourceQuality "1"]

1. d4 Nf6 2. c4 e6 3. Nf3 c5 4. e3 b6 5. g3 Bb7 6. Bg2 d6 7. Nc3 Nbd7 8. 0-0 Be7 9. Nd2 Bxg2 10. Kxg2 h5 11. Nf3 a6 12. b3 Qc7 13. Bb2 Qb7 14. d5 e5 15. Qd3 Nf8 16. Nh4 g5 17. Nf5 Ng6 18. h3 0-0-0 19. a3 Qd7 20. b4 Kc7 21. Nxe7 Nxe7 22. bxc5 bxc5 23. e4 Rdg8 24. a4 Ng6 25. Ne2 Nf4+ 26. Nxf4 gxf4 27. Bc3 h4 28. Ba5+ Kc8 29. Be1 hxg3 30. fxg3 Qxh3+ 31. Kf3 Rxg3+ 32. Bxg3 Qxg3+ 33. Ke2 Rh2+ 0-1